MARC

LEADER 00000nam0a2200000 4500
001 276330
005 20231101234917.0
020 |a RU  |b 86-8545 
035 |a (RuTPU)RU\TPU\book\299589 
090 |a 276330 
100 |a 20141120d1986 k y0rusy5003 ca 
101 0 |a rus 
102 |a RU 
105 |a a z 001zy 
200 1 |a Теоретические основы гидроотжима и гидрорыхления на угольных шахтах  |f А. А. Борисенко  |g Академия наук СССР (АН СССР), Институт горного дела им. А. А. Скочинского (ИГД) ; под ред. И. В. Сергеева 
210 |a Москва  |c Наука  |d 1986 
215 |a 112 с.  |c ил. 
320 |a Библиогр.: с. 110-112 
606 1 |a Горные работы  |x Гидромеханизация  |2 stltpush  |3 (RuTPU)RU\TPU\subj\64883  |9 81583 
610 1 |a призабойные зоны 
610 1 |a пласты 
610 1 |a деформирование 
610 1 |a жидкости 
610 1 |a нагнетание 
610 1 |a гидроотжим 
610 1 |a уголь 
610 1 |a газ 
610 1 |a выбросы 
675 |a 622.234.5  |v 4 
700 1 |a Борисенко  |b А. А.  |g Артур Анатольевич  |4 070 
702 1 |a Сергеев  |b И. В.  |4 340 
712 0 2 |a Академия наук СССР (АН СССР)  |b Институт горного дела им. А. А. Скочинского (ИГД)  |c (Люберцы)  |2 stltpush  |3 (RuTPU)RU\TPU\col\11351 
801 0 |a RU  |b RuMRKP  |c 19950704  |g psbo 
801 1 |a RU  |b 63413507  |c 20141120 
801 2 |a RU  |b 63413507  |c 20170214  |g RCR 
942 |c BK